Most Ridiculous Quiz on JetPunk - Statistics

General Stats
  • This quiz has been taken 154 times
    132 since last reset
  • The average score is 5 of 6
Answer Stats
Hint Answer % Correct
The last letter of English alphabet t
94%
Country closest to Taiwan Taiwan
88%
United Arab Emirates contains 18 this letters
84%
Most populous place on the world the Earth
80%
If the Elephant is the Largest animal on theWorld, which animal will be the second largest? SmallerElephant
77%
The opposite of white etihw
71%
No matching quizzes found
Score Distribution
Percent of People with Each Score
Percentile by Number Answered
Your Score History
You have not taken this quiz since the last reset